书目信息 |
| 题名: |
管理者的时间管理
|
|
| 作者: | 曹晔晖 编著 | |
| 分册: | ||
| 出版信息: | 北京 中国经济出版社 2006.01 |
|
| 页数: | 254页 | |
| 开本: | 20cm | |
| 丛书名: | 管理者自我管理丛书 | |
| 单 册: | ||
| 中图分类: | C935 | |
| 科图分类: | ||
| 主题词: | 时间--shi jian--管理 | |
| 电子资源: | ||
| ISBN: | 7-5017-0983-1 | |
| 000 | 00841nam 2200241 450 | |
| 001 | 012006554498 | |
| 005 | 20060921095750.34 | |
| 010 | @a7-5017-0983-1@dCNY32.00 | |
| 100 | @a20060706d2006 km y0chiy0120 ea | |
| 101 | 0 | @achi |
| 102 | @aCN@b110000 | |
| 105 | @ay z 000yy | |
| 200 | 1 | @a管理者的时间管理@Aguan li zhe de shi jian guan li@f曹晔晖等编著@Fcao ye hui deng bian zhu |
| 210 | @a北京@c中国经济出版社@d2006.01 | |
| 215 | @a254页@d20cm | |
| 225 | 2 | @a管理者自我管理丛书@Aguan li zhe zi wo guan li cong shu |
| 330 | @a本书包括:E时代管理者的时间观、时间的花费要经济、我的时间我做主、用指缝夹住零碎时间、八小时以外等五部分内容。 | |
| 410 | 0 | @12001 @a管理者自我管理丛书 |
| 606 | 0 | @a时间@Ashi jian@x管理 |
| 690 | @aC935@v4 | |
| 701 | 0 | @a曹晔晖@Acao ye hui@4编著 |
| 801 | 0 | @aCN@bQSSK@c20060921 |
| 905 | @a10447@dC935@eC162 | |
| 管理者的时间管理/曹晔晖等编著.-北京:中国经济出版社,2006.01 |
| 254页;20cm.-(管理者自我管理丛书) |
| ISBN 7-5017-0983-1:CNY32.00 |
| 本书包括:E时代管理者的时间观、时间的花费要经济、我的时间我做主、用指缝夹住零碎时间、八小时以外等五部分内容。 |
| ● |
| 相关链接 |
|
|
|
正题名:管理者的时间管理
索取号:C935/C162
 
预约/预借
| 序号 | 登录号 | 条形码 | 馆藏地/架位号 | 状态 | 备注 |
| 1 | 593471 | 205934710 | 社科库509/509社科库 66排1列6层/ [索取号:C935/C162] | 在馆 | |
| 2 | 593472 | 205934729 | 社科库509/509社科库 66排1列6层/ [索取号:C935/C162] | 在馆 | |
| 3 | 593473 | 205934738 | 社科库509/509社科库 66排1列6层/ [索取号:C935/C162] | 在馆 |